Polscy ministrowie obrony - Statystyki

Ogólne statystyki
  • Ten quiz został rozwiązany 51 razy
  • Średni wynik to 6 z 19
Statystyki odpowiedzi
Hint Odpowiedź % Poprawnych
2023- Władysław Kosiniak-Kamysz
90%
2018-2023 Mariusz Błaszczak
88%
2015-2018 Antoni Macierewicz
85%
2005-2007 Radosław Sikorski
63%
2011-2015 Tomasz Siemoniak
59%
2007-2011 Bogdan Klich
39%
2001-2005 Jerzy Szmajdziński
34%
1991-1992 Jan Parys
32%
2000-2001 Bronisław Komorowski
29%
1983-1990 Florian Siwicki
24%
1992-1993 Janusz Onyszkiewicz
22%
1997-2000 Janusz Onyszkiewicz
22%
2007 Aleksander Szczygło
15%
1990-1991 Piotr Kołodziejczyk
12%
1993-1994 Piotr Kołodziejczyk
12%
1992 Romuald Szeremietiew
12%
1996-1997 Stanisław Dobrzański
5%
1995 Zbigniew Okoński
2%
1994-1995 Jerzy Milewski
0%
Nie znaleziono quizów pasujących do podanych kryteriów
Rozkład punktacji
Procent ludzi z każdym wynikiem
Percentyl według liczby udzielonych odpowiedzi
Twoja historia wyników
Nie rozwiązałeś tego quizu